| 000 | 00426cam a22001337a 4500 | ||
|---|---|---|---|
| 008 | 180718b1956 xxu||||| |||| 00| 0 eng d | ||
| 082 | _aH9096 C751 | ||
| 245 | _aRecord of theconference, London 20th -27th July 1955 | ||
| 260 |
_aLondon _bSolicitors' Law Stationery Society _c1956 |
||
| 300 | _a471p. | ||
| 650 | _aLaw Conferences | ||
| 650 | _aBar Associations - Conferences | ||
| 700 | _aCommonwealth and Empire Law Conference | ||
| 999 |
_c363044 _d363044 |
||